000 00901cam a22002777a 4500
003 CHAP
005 20220329134728.0
008 971013s r 00010 d
010 _a24923
011 _a25895
035 _a29995
040 _cCHAP
090 _aMP-12
100 0 0 _aBrown, E. S.
_915640
245 1 2 _aA contribution towards an ecological survey of the aquatic and semiaquatic Hemiptera-Heteroptera (water-bugs) of the British Isles
500 _aSobretiro de : Trans. Soc. Brit. Ent. 8 (pt.6) : 169-230, 1943
590 _aBATCH-UPD
_b10
_c20130110
_lUCH01
_h0913
590 _aBATCH-UPD
_b10
_c20130410
_lUCH01
_h0538
590 _aBATCH-UPD
_b10
_c20130914
_lUCH01
_h0754
590 _aCONVERSION
_b10
_c20130109
_lUCH01
_h1314
650 1 4 _aHemípteros.
_953511
650 1 4 _aHydrocorisae.
_957072
901 _aBK
942 _cMP
949 _aMP-12
_bBC
_cMP
_d-69262
_eMP
_i29995
_si
999 _c24923
_d24923